| 000 | 00000nam##2200000za#4500 |
| 001 | 9.574524 |
| 003 | CaOODSP |
| 005 | 20210624184227 |
| 007 | cr ||||||||||| |
| 008 | 150406|2006||||xxc|||||o f|0| 0 eng|d |
| 040 | |aCaOODSP|beng |
| 043 | |an-cn--- |
| 086 | 1 |aTU3-5/06-27E-PDF |
| 110 | 2 |aTransportation Safety Board of Canada. |
| 245 | 10|aEngine failure - Cessna 172M C-FFRV, Montréal, Quebec, 10 September 2006 |h[electronic resource] |
| 260 | |aGatineau - Quebec : |bTransportation Safety Board of Canada |c2007. |
| 300 | |a7p.|bphotographs |
| 490 | 1 |aAviation investigation report |vA06Q0157 |
| 500 | |a"The Board authorized the release of this report on 29 October 2007" --p.7. |
| 590 | |a12-33-Supp|b2012-07-18 |
| 775 | 08|tPanne moteur du Cessna 172M C-FFRV à Montréal (Québec), le 10 septembre 2006 |w(CaOODSP)9.604268 |
| 830 | #0|aAviation investigation report ;|vA06Q0157|w(CaOODSP)9.504825 |
| 856 | 40|ahttp://publications.gc.ca|qPDF|s182 KB|uhttps://publications.gc.ca/collections/collection_2012/bst-tsb/TU3-5-06-27-eng.pdf|yA06Q0157 |